Statistics for Largest European Cities by Letter - T

Click here to take the quiz!

General Stats

  • This quiz has been taken 66 times
  • The average score is 10 of 22

Answer Stats

Rank Population Country Hint City % Correct
1921'000ItalyOlympic Winter Games 2006Turin
100%
12244'000AlbaniaCapitalTirana
100%
6418'000EstoniaCapitalTallinn
96%
7359'000FranceCentre of the European aerospace industryToulouse
91%
5441'000NetherlandsSeat of the Dutch governmentThe Hague
85%
14222'000ItalyLocated near Croatia with an important portTrieste
75%
8325'000GreeceWhite TowerThessaloniki
74%
17192'000Finland"Manchester of Finland"Tampere
55%
19171'000FinlandImportant seaport for traveling to StockholmTurku
53%
9324'000RomaniaLittle ViennaTimisoara
51%
20168'000FranceFrench Mediterranean FleetToulon
43%
2720'000RussiaLadaTolyatti
28%
3506'000RussiaFC Arsenal ....Tula
26%
15212'000Italy"The Spartan City"Taranto
23%
18192'000NetherlandsTesla MotorsTilburg
23%
4451'000RussiaBetween Moscow and St. PetersburgTver
21%
16206'000PolandNicolaus CopernicusTorun
19%
21165'000RomaniaFortress ChurchTargu Mures
9%
22164'000SpainCastle of VallparadísTerrassa
9%
11285'000RussiaPort city in Rostov OblastTaganrog
9%
10312'000RussiaBell tower of the Kazan MonasteryTambov
8%
13233'000UkraineCathedral of the Immaculate Conception of the Blessed Virgin MaryTernopol
8%

Score Distribution

Percentile by Number Answered

Percent of People with Each Score

Your Score History

You have not taken this quiz